00425nam a2200181Ia 4500003000400000005001700004008004100021020002200062040000700084041000800091082002100099100002100120245002600141260003000167300001200197365001300209650002100222OSt20230503113439.0210423s2014 xx 000 0 und d a978-0-55215-908-1 cAL aeng a813.6 223bSTEU aSTEEL (Danielle) aUntil the end of time aLondonbCorgi Booksc2014 a428bPB b399cINR aAmerican Fiction